Atlas of orbital surgery
The book is organized into five sections. Section 1 covers basic surgical anatomy of the orbit and clinical preoperative considerations. Section 2 covers surgical approaches to the orbit. Section 3 is devoted to the orbital surgery for Graves' diseases. Section 4 reviews the management of orbit...
שמור ב:
| פורמט: | ספר |
|---|---|
| שפה: | Undetermined |
| יצא לאור: |
Philadelphia, Pennsylvania
W. B. Saunders
1992
|
| נושאים: | |
| תגים: |
הוספת תג
אין תגיות, היה/י הראשונ/ה לתייג את הרשומה!
|
| Thư viện lưu trữ: | Trung tâm Học liệu Trường Đại học Cần Thơ |
|---|
| LEADER | 01175nam a2200205Ia 4500 | ||
|---|---|---|---|
| 001 | CTU_22689 | ||
| 008 | 210402s9999 xx 000 0 und d | ||
| 020 | |b 264.5df | ||
| 082 | |a 617.78 | ||
| 082 | |b A881 | ||
| 245 | 0 | |a Atlas of orbital surgery | |
| 245 | 0 | |c Charles R Leone [et al.] | |
| 260 | |a Philadelphia, Pennsylvania | ||
| 260 | |b W. B. Saunders | ||
| 260 | |c 1992 | ||
| 520 | |a The book is organized into five sections. Section 1 covers basic surgical anatomy of the orbit and clinical preoperative considerations. Section 2 covers surgical approaches to the orbit. Section 3 is devoted to the orbital surgery for Graves' diseases. Section 4 reviews the management of orbital trauma with emphasis on orbital fracture repair and foreign body removal. Section 5 covers surgical management of orbital diseases. The descriptions, photographs, and radiologic images, are included in these chapters to serve illustrative examples and as a helpful review for the readers | ||
| 650 | |a eye-sockets,orbit,orbital diseases | ||
| 650 | |x surgery,atleses,surgery,atlases,surgery,atlases | ||
| 904 | |i Minh, 980528 | ||
| 980 | |a Trung tâm Học liệu Trường Đại học Cần Thơ | ||